000 00915nam a2200253 i 4500
001 74015
003 ES-MaACL
005 20250910063103.0
007 t|
008 040914m19801986sp ||||1| spa d
020 _a84-7231-855-9
080 _a946.301"1217/1252"
100 1 _aGonzález, Julio,
_d1908-1991
_958349
245 1 0 _aReinado y diplomas de Fernando III /
_cJulio González.
260 _aCórdoba :
_bMonte de Piedad y Caja de Ahorros de Córdoba,
_c1980-1986.
300 _a3 v. ;
_c25 cm.
490 1 _aEstudios y documentos ;
_v2
505 8 _aContiene: I. Estudios - II. Diplomas (1217-1232) - III. Diplomas (1233-1253)
651 4 _aCastilla (Reino)-
_xHistoria-
_y1217-1252, Fernando III.
_9172833
710 2 _aMonte de Piedad y Caja de Ahorros de Córdoba.
_95763
830 1 _aEstudios y documentos ;
_v2
_9182659
852 _aES-MaACL
_jL-12303-05
999 _c74015
_d74015